000 00350nam a2200109Ia 4500
008 220216s9999 xx 000 0 und d
100 _aMathew N M
245 0 _aScanning electron microscopic studies on ozone cracking of NR and a NR/EPDM blend
260 _bJournal of Polymer Science. Polymer letters edition
_c1984
300 _a135-141
942 _cJS
999 _c68424
_d68424